000 00676nam a2200253 i 4500
001 C2-0229517
003 PPAK
005 20180728160238.0
008 001003s1994 enka|||| ||||| | eng d
020 _a0721416608
040 _aPPAK
_beng
_cPPAK
_erda
082 0 4 _a823
_223
090 0 0 _a823
_bEVA
_dK
100 1 _aEvans, Betty,
_eauthor
245 1 0 _aBlack beauty
264 1 _aLeicestershire :
_bLadybird Books ,
_c1994
300 _a43 pages :
_bcolour illustrations ;
_c18 cm
336 _2rdacontent
_atext
337 _2rdamedia
_aunmediated
338 _2rdacarrier
_avolume
650 1 0 _aChildren's stories, English
700 _eauthor
942 _ddc
_cB
999 _c149120
_d149120